Queueing tables and graphs

Gespeichert in:
Bibliographische Detailangaben
1. Verfasser: Hillier, Frederick S.
Format: Buch
Sprache:Englisch
Veröffentlicht: New York North-Holland 1981
Schriftenreihe:Publications in operations research series
Tags: Tag hinzufügen
Keine Tags, Fügen Sie das erste Tag hinzu!

MARC

LEADER 00000nam a2200000 4500
001 c127060
005 20181203150420.3
041 0 |a eng 
044 |a US 
245 1 0 |a Queueing tables and graphs  |c Frederick S. Hillier 
264 1 |a New York  |b North-Holland  |c 1981 
300 |a 231 s. 
490 1 |a Publications in operations research series 
830 0 |a Publications in operations research series 
100 1 |a Hillier, Frederick S.